[Event "Benidorm Satellite preliminary"]
[Site "playchess.com #007036"]
[Date "2009.10.24"]
[Round "13"]
[White "Vijayvikram"]
[Black "Planescape"]
[Result "0-1"]
[WhiteElo "1783"]
[BlackElo "1758"]
[PlyCount "64"]
[EventDate "2009.10.24"]
[EventType "swiss (blitz)"]

1. e4 {[%emt 0:00:01]} d5 {[%emt 0:00:04]} 2. exd5 {[%emt 0:00:02]} Qxd5 {
[%emt 0:00:01]} 3. Nc3 {[%emt 0:00:01]} Qa5 {[%emt 0:00:01]} 4. d4 {[%emt 0:00:
06]} c6 {[%emt 0:00:02]} 5. Nf3 {[%emt 0:00:02]} Bf5 {[%emt 0:00:02]} 6. Bc4 {
[%emt 0:00:05]} Nf6 {[%emt 0:00:01]} 7. Bd2 {[%emt 0:00:08]} e6 {[%emt 0:00:01]
} 8. Nd5 {[%emt 0:00:18]} Qd8 {[%emt 0:00:03]} 9. Nxf6+ {[%emt 0:00:03]} gxf6 {
[%emt 0:00:02]} 10. Bb3 {[%emt 0:00:06]} Nd7 {[%emt 0:00:01]} 11. Qe2 {[%emt 0:
00:04]} Qc7 {[%emt 0:00:02]} 12. O-O-O {[%emt 0:00:09]} O-O-O {[%emt 0:00:02]}
13. Rhe1 {[%emt 0:00:13]} h5 {[%emt 0:00:02]} 14. h3 {[%emt 0:00:04]} Bh6 {
[%emt 0:00:02]} 15. Kb1 {[%emt 0:00:29]} Bxd2 {[%emt 0:00:02]} 16. Nxd2 {[%emt
0:00:18]} h4 {[%emt 0:00:06]} 17. Ne4 {[%emt 0:00:17]} Bxe4 {[%emt 0:00:05]}
18. Qxe4 {[%emt 0:00:02]} f5 {[%emt 0:00:04]} 19. Qf3 {[%emt 0:00:11]} Nf6 {
[%emt 0:00:03]} 20. c4 {[%emt 0:00:22]} Ne4 {[%emt 0:00:03]} 21. Qe3 {[%emt 0:
00:02]} Qh2 {[%emt 0:00:09]} 22. f3 {[%emt 0:00:17]} Nf6 {[%emt 0:00:09]} 23.
Re2 {[%emt 0:00:09]} Rhg8 {[%emt 0:00:02]} 24. d5 {[%emt 0:00:07]} Rxg2 {[%emt
0:00:08]} 25. Rxg2 {[%emt 0:00:05]} Qxg2 {[%emt 0:00:01]} 26. Qxa7 {[%emt 0:00:
03]} Kc7 {[%emt 0:00:16] '} 27. Rc1 {[%emt 0:00:02]} Qxf3 {[%emt 0:00:04]} 28.
dxe6 {[%emt 0:00:06]} fxe6 {[%emt 0:00:05]} 29. c5 {[%emt 0:00:01]} Ne4 {[%emt
0:00:03]} 30. Qb6+ {[%emt 0:00:02]} Kb8 {[%emt 0:00:01]} 31. Bxe6 {[%emt 0:00:
02]} Rd1 {[%emt 0:00:04]} 32. Qd8+ {[%emt 0:00:07]} Rxd8 {[%emt 0:00:02] Time}
0-1

[Event "Benidorm Satellite preliminary"]
[Site "playchess.com #007036"]
[Date "2009.10.24"]
[Round "13"]
[White "Antoine2"]
[Black "BLiTzcHAmP"]
[Result "1-0"]
[WhiteElo "2875"]
[BlackElo "2706"]
[PlyCount "69"]
[EventDate "2009.10.24"]
[EventType "swiss (blitz)"]

1. d4 {[%emt 0:00:01]} Nf6 {[%emt 0:00:01]} 2. c4 {[%emt 0:00:01]} d6 {[%emt 0:
00:01]} 3. Nf3 {[%emt 0:00:01]} g6 {[%emt 0:00:01] BLiTzcHAmP offers a draw} 4.
Nc3 {[%emt 0:00:01]} Bg7 {[%emt 0:00:01]} 5. e4 {[%emt 0:00:05]} O-O {[%emt 0:
00:04]} 6. Be2 {[%emt 0:00:08]} e5 {[%emt 0:00:03]} 7. O-O {[%emt 0:00:00]}
exd4 {[%emt 0:00:02]} 8. Nxd4 {[%emt 0:00:01]} Re8 {[%emt 0:00:00]} 9. f3 {
[%emt 0:00:01]} Nc6 {[%emt 0:00:01]} 10. Be3 {[%emt 0:00:02]} Nh5 {[%emt 0:00:
01]} 11. f4 {[%emt 0:00:24]} Nf6 {[%emt 0:00:19]} 12. Bf3 {[%emt 0:00:06]} Nxd4
{[%emt 0:00:08]} 13. Bxd4 {[%emt 0:00:03]} a6 {[%emt 0:00:11]} 14. Rc1 {[%emt
0:00:07]} Rb8 {[%emt 0:00:17]} 15. Ba7 {[%emt 0:00:05]} Ra8 {[%emt 0:00:01]}
16. Bd4 {[%emt 0:00:00]} Rb8 {[%emt 0:00:01]} 17. c5 {[%emt 0:00:10]} dxc5 {
[%emt 0:00:09]} 18. Bxc5 {[%emt 0:00:00]} b6 {[%emt 0:00:27]} 19. Ba3 {[%emt 0:
00:14]} Bb7 {[%emt 0:00:04]} 20. e5 {[%emt 0:00:06]} Bxf3 {[%emt 0:00:09]} 21.
Qxf3 {[%emt 0:00:07]} Nd7 {[%emt 0:00:07]} 22. Rcd1 {[%emt 0:00:00]} Qc8 {
[%emt 0:00:03]} 23. Ne4 {[%emt 0:00:08]} Nf8 {[%emt 0:00:01]} 24. b3 {[%emt 0:
00:08]} Qe6 {[%emt 0:00:08]} 25. Ng5 {[%emt 0:00:13]} Qf5 {[%emt 0:00:10]} 26.
g4 {[%emt 0:00:00] BLiTzcHAmP offers a draw} Qc2 {[%emt 0:00:02]} 27. Rf2 {
[%emt 0:00:12]} Qxd1+ {[%emt 0:00:29]} 28. Qxd1 {[%emt 0:00:01]} Rbd8 {[%emt 0:
00:00]} 29. Rd2 {[%emt 0:00:01]} Rc8 {[%emt 0:00:04]} 30. Bxf8 {[%emt 0:00:03]}
Bxf8 {[%emt 0:00:02]} 31. Rd7 {[%emt 0:00:01]} Be7 {[%emt 0:00:03]} 32. Qd5 {
[%emt 0:00:05]} Bc5+ {[%emt 0:00:06]} 33. Kg2 {[%emt 0:00:02]} Rf8 {[%emt 0:00:
01]} 34. Rxf7 {[%emt 0:00:02]} Kh8 {[%emt 0:00:03]} 35. Rxh7# {[%emt 0:00:01]}
1-0

[Event "Benidorm Satellite preliminary"]
[Site "playchess.com #007036"]
[Date "2009.10.24"]
[Round "13"]
[White "Jolan"]
[Black "Dimitri_Ovanov"]
[Result "0-1"]
[WhiteElo "1664"]
[BlackElo "1616"]
[PlyCount "68"]
[EventDate "2009.10.24"]
[EventType "swiss (blitz)"]

1. d4 {[%emt 0:00:02]} g6 {[%emt 0:00:03]} 2. c4 {[%emt 0:00:00]} Bg7 {[%emt 0:
00:01]} 3. Nc3 {[%emt 0:00:01]} Nf6 {[%emt 0:00:01]} 4. e4 {[%emt 0:00:01]} d6
{[%emt 0:00:01]} 5. Nf3 {[%emt 0:00:03]} O-O {[%emt 0:00:03]} 6. Be2 {[%emt 0:
00:14]} c6 {[%emt 0:00:05]} 7. O-O {[%emt 0:00:03]} Qc7 {[%emt 0:00:02]} 8. h3
{[%emt 0:00:04]} e5 {[%emt 0:00:03]} 9. d5 {[%emt 0:00:09]} c5 {[%emt 0:00:03]}
10. Bg5 {[%emt 0:00:01]} h6 {[%emt 0:00:03]} 11. Bh4 {[%emt 0:00:02]} a6 {
[%emt 0:00:04]} 12. a4 {[%emt 0:00:02]} Nh5 {[%emt 0:00:10]} 13. Qd2 {[%emt 0:
00:14]} Nf4 {[%emt 0:00:01]} 14. Rfe1 {[%emt 0:00:07]} Nd7 {[%emt 0:00:13]} 15.
Bg3 {[%emt 0:00:01]} g5 {[%emt 0:00:04]} 16. Bxf4 {[%emt 0:00:07]} exf4 {[%emt
0:00:05]} 17. Bd3 {[%emt 0:00:07]} Ne5 {[%emt 0:00:02]} 18. Nxe5 {[%emt 0:00:
01]} Bxe5 {[%emt 0:00:02]} 19. Qe2 {[%emt 0:00:07]} Kg7 {[%emt 0:00:17]} 20. f3
{[%emt 0:00:04]} Rh8 {[%emt 0:00:06]} 21. Rab1 {[%emt 0:00:06]} h5 {[%emt 0:00:
02]} 22. Nd1 {[%emt 0:00:06]} Rh6 {[%emt 0:00:03]} 23. b4 {[%emt 0:00:06]} Bd7
{[%emt 0:00:02]} 24. b5 {[%emt 0:00:01]} axb5 {[%emt 0:00:02]} 25. axb5 {[%emt
0:00:02]} g4 {[%emt 0:00:06]} 26. fxg4 {[%emt 0:00:07]} hxg4 {[%emt 0:00:02]}
27. hxg4 {[%emt 0:00:01]} Rah8 {[%emt 0:00:01]} 28. Qf3 {[%emt 0:00:03]} Rh1+ {
[%emt 0:00:20]} 29. Kf2 {[%emt 0:00:05]} Qc8 {[%emt 0:00:05]} 30. Rxh1 {[%emt
0:00:09]} Rxh1 {[%emt 0:00:02]} 31. Be2 {[%emt 0:00:12]} Bd4+ {[%emt 0:00:05]}
32. Ne3 {[%emt 0:00:08]} Bxe3+ {[%emt 0:00:02]} 33. Qxe3 {[%emt 0:00:03]} fxe3+
{[%emt 0:00:01]} 34. Kxe3 {[%emt 0:00:08]} Rxb1 {[%emt 0:00:01] Jolan abandonne
} 0-1

[Event "Benidorm Satellite preliminary"]
[Site "playchess.com #007036"]
[Date "2009.10.24"]
[Round "13"]
[White "Fighterknight"]
[Black "Xankov"]
[Result "1-0"]
[WhiteElo "2268"]
[BlackElo "1836"]
[PlyCount "61"]
[EventDate "2009.10.24"]
[EventType "swiss (blitz)"]

1. e4 {[%emt 0:00:02]} d5 {[%emt 0:00:02]} 2. exd5 {[%emt 0:00:01]} Qxd5 {
[%emt 0:00:01]} 3. Nc3 {[%emt 0:00:01]} Qd6 {[%emt 0:00:01]} 4. d4 {[%emt 0:00:
01]} Nf6 {[%emt 0:00:01]} 5. Nf3 {[%emt 0:00:07]} a6 {[%emt 0:00:01]} 6. g3 {
[%emt 0:00:01]} b5 {[%emt 0:00:07]} 7. Bg2 {[%emt 0:00:45]} Bb7 {[%emt 0:00:02]
} 8. Bf4 {[%emt 0:00:09]} Qb6 {[%emt 0:00:02]} 9. Qe2 {[%emt 0:00:09]} e6 {
[%emt 0:00:09]} 10. O-O {[%emt 0:00:10]} Bd6 {[%emt 0:00:02]} 11. Be3 {[%emt 0:
00:03]} Ng4 {[%emt 0:00:04]} 12. Bg5 {[%emt 0:00:17]} Nd7 {[%emt 0:00:15]} 13.
d5 {[%emt 0:00:11]} e5 {[%emt 0:00:30]} 14. h3 {[%emt 0:00:12]} Ngf6 {[%emt 0:
00:03]} 15. Nh4 {[%emt 0:00:06]} O-O-O {[%emt 0:00:31]} 16. a4 {[%emt 0:00:14]}
b4 {[%emt 0:00:03]} 17. a5 {[%emt 0:00:02]} Qa7 {[%emt 0:00:06]} 18. Be3 {
[%emt 0:00:03]} Bc5 {[%emt 0:00:04]} 19. Na4 {[%emt 0:00:02]} Bxe3 {[%emt 0:00:
03]} 20. fxe3 {[%emt 0:00:01]} Nxd5 {[%emt 0:00:16]} 21. Nf5 {[%emt 0:00:17]}
g6 {[%emt 0:00:09]} 22. Bxd5 {[%emt 0:00:01]} Bxd5 {[%emt 0:00:04]} 23. Ne7+ {
[%emt 0:00:01]} Kb8 {[%emt 0:00:04]} 24. Nxd5 {[%emt 0:00:00]} f5 {[%emt 0:00:
08]} 25. c3 {[%emt 0:00:07]} e4 {[%emt 0:00:04]} 26. Nxb4 {[%emt 0:00:07]} Ne5
{[%emt 0:00:04]} 27. Nc5 {[%emt 0:00:06]} Qxc5 {[%emt 0:00:02]} 28. Nxa6+ {
[%emt 0:00:01]} Kc8 {[%emt 0:00:04]} 29. Nxc5 {[%emt 0:00:01]} Nf3+ {[%emt 0:
00:02]} 30. Rxf3 {[%emt 0:00:01]} exf3 {[%emt 0:00:01]} 31. Qa6+ {[%emt 0:00:
00] Xankov abbandona} 1-0

[Event "Benidorm Satellite preliminary"]
[Site "playchess.com #007036"]
[Date "2009.10.24"]
[Round "13"]
[White "Panosjoydome"]
[Black "MONFMA0214"]
[Result "1-0"]
[WhiteElo "1724"]
[BlackElo "1689"]
[PlyCount "63"]
[EventDate "2009.10.24"]
[EventType "swiss (blitz)"]

1. e4 {[%emt 0:00:02]} e6 {[%emt 0:00:01]} 2. d3 {[%emt 0:00:02]} d5 {[%emt 0:
00:01]} 3. Nd2 {[%emt 0:00:01]} c5 {[%emt 0:00:03]} 4. Ngf3 {[%emt 0:00:01]} b6
{[%emt 0:00:06]} 5. g3 {[%emt 0:00:01]} Bb7 {[%emt 0:00:01]} 6. Bg2 {[%emt 0:
00:00]} Nf6 {[%emt 0:00:08]} 7. e5 {[%emt 0:00:04]} Nfd7 {[%emt 0:00:04]} 8.
O-O {[%emt 0:00:02]} Nc6 {[%emt 0:00:02]} 9. Re1 {[%emt 0:00:01]} Qc7 {[%emt 0:
00:06]} 10. Qe2 {[%emt 0:00:01]} Be7 {[%emt 0:00:11]} 11. h4 {[%emt 0:00:04]}
h6 {[%emt 0:00:05]} 12. Nf1 {[%emt 0:00:02]} O-O-O {[%emt 0:00:29]} 13. a4 {
[%emt 0:00:02]} g5 {[%emt 0:00:13]} 14. hxg5 {[%emt 0:00:03]} hxg5 {[%emt 0:00:
01]} 15. Nxg5 {[%emt 0:00:02]} Ndxe5 {[%emt 0:00:06]} 16. Bf4 {[%emt 0:00:03]}
Bxg5 {[%emt 0:00:19]} 17. Bxg5 {[%emt 0:00:02]} Rdg8 {[%emt 0:00:20]} 18. Bf6 {
[%emt 0:00:01]} Rh5 {[%emt 0:00:17]} 19. Qxh5 {[%emt 0:00:04]} Ng4 {[%emt 0:00:
12]} 20. Ne3 {[%emt 0:00:11]} Nxf6 {[%emt 0:00:03]} 21. Qf3 {[%emt 0:00:08]}
Ne8 {[%emt 0:00:21]} 22. Bh3 {[%emt 0:00:16]} d4 {[%emt 0:00:04]} 23. Nc4 {
[%emt 0:00:39] .} Na5 {[%emt 0:00:03]} 24. Re4 {[%emt 0:00:10]} Nxc4 {[%emt 0:
00:03]} 25. dxc4 {[%emt 0:00:03]} Nd6 {[%emt 0:00:02]} 26. Rae1 {[%emt 0:00:11]
} Nxe4 {[%emt 0:00:02]} 27. Rxe4 {[%emt 0:00:08]} Qc6 {[%emt 0:00:05]} 28. Qxf7
{[%emt 0:00:02]} Re8 {[%emt 0:00:18]} 29. Bxe6+ {[%emt 0:00:07]} Kb8 {[%emt 0:
00:01]} 30. Bd5 {[%emt 0:00:02]} Qc7 {[%emt 0:00:08]} 31. Rxe8+ {[%emt 0:00:03]
} Qc8 {[%emt 0:00:01]} 32. Qxb7# {[%emt 0:00:04]} 1-0

[Event "Benidorm Satellite preliminary"]
[Site "playchess.com #007036"]
[Date "2009.10.24"]
[Round "13"]
[White "Chessmaestro"]
[Black "Mateusz-Morfeusz"]
[Result "0-1"]
[WhiteElo "2624"]
[BlackElo "2486"]
[PlyCount "68"]
[EventDate "2009.10.24"]
[EventType "swiss (blitz)"]

1. d4 {[%emt 0:00:02]} Nf6 {[%emt 0:00:01]} 2. c4 {[%emt 0:00:00]} e6 {[%emt 0:
00:00]} 3. Nc3 {[%emt 0:00:01]} Bb4 {[%emt 0:00:00]} 4. Qc2 {[%emt 0:00:01]}
O-O {[%emt 0:00:02]} 5. a3 {[%emt 0:00:01]} Bxc3+ {[%emt 0:00:00]} 6. Qxc3 {
[%emt 0:00:01]} b6 {[%emt 0:00:00]} 7. Bg5 {[%emt 0:00:02]} h6 {[%emt 0:00:02]}
8. Bh4 {[%emt 0:00:03]} Bb7 {[%emt 0:00:00]} 9. f3 {[%emt 0:00:01]} d5 {[%emt
0:00:04]} 10. cxd5 {[%emt 0:00:06]} exd5 {[%emt 0:00:01]} 11. e3 {[%emt 0:00:
01]} Nbd7 {[%emt 0:00:01]} 12. Bd3 {[%emt 0:00:01]} Re8 {[%emt 0:00:03]} 13.
Ne2 {[%emt 0:00:01]} c5 {[%emt 0:00:02]} 14. O-O {[%emt 0:00:03]} Qe7 {[%emt 0:
00:20]} 15. Bf2 {[%emt 0:00:17]} c4 {[%emt 0:00:08]} 16. Bc2 {[%emt 0:00:06]}
b5 {[%emt 0:00:00]} 17. Ng3 {[%emt 0:00:05]} g6 {[%emt 0:00:07]} 18. Rae1 {
[%emt 0:00:05]} h5 {[%emt 0:00:11]} 19. h4 {[%emt 0:00:07]} a5 {[%emt 0:00:03]}
20. e4 {[%emt 0:00:01]} b4 {[%emt 0:00:01]} 21. Qd2 {[%emt 0:00:07]} dxe4 {
[%emt 0:00:04]} 22. fxe4 {[%emt 0:00:04]} Ng4 {[%emt 0:00:07]} 23. Qg5 {[%emt
0:00:50]} Qxg5 {[%emt 0:00:25]} 24. hxg5 {[%emt 0:00:02]} Nxf2 {[%emt 0:00:04]}
25. Rxf2 {[%emt 0:00:03]} Rad8 {[%emt 0:00:03]} 26. e5 {[%emt 0:00:15]} Nf8 {
[%emt 0:00:05]} 27. Be4 {[%emt 0:00:14]} Bxe4 {[%emt 0:00:05]} 28. Nxe4 {[%emt
0:00:02]} Kg7 {[%emt 0:00:09]} 29. Nf6 {[%emt 0:00:02]} Re7 {[%emt 0:00:03]}
30. d5 {[%emt 0:00:01]} Nh7 {[%emt 0:00:21]} 31. d6 {[%emt 0:00:27]} Rxd6 {
[%emt 0:00:02]} 32. exd6 {[%emt 0:00:49]} Rxe1+ {[%emt 0:00:00]} 33. Rf1 {
[%emt 0:00:07]} Rxf1+ {[%emt 0:00:07] '} 34. Kxf1 {[%emt 0:00:01]} Nxf6 {[%emt
0:00:01] Chessmaestro ñäàåòñÿ} 0-1

[Event "Benidorm Satellite preliminary"]
[Site "playchess.com #007036"]
[Date "2009.10.24"]
[Round "13"]
[White "XxHUTIxx"]
[Black "huseyinist"]
[Result "1-0"]
[WhiteElo "1728"]
[BlackElo "1503"]
[PlyCount "69"]
[EventDate "2009.10.24"]
[EventType "swiss (blitz)"]

1. e4 {[%emt 0:00:02]} c5 {[%emt 0:00:02]} 2. Nf3 {[%emt 0:00:01]} Nc6 {[%emt
0:00:01]} 3. d4 {[%emt 0:00:01]} cxd4 {[%emt 0:00:00]} 4. Nxd4 {[%emt 0:00:01]}
Nf6 {[%emt 0:00:01]} 5. Nc3 {[%emt 0:00:01]} d6 {[%emt 0:00:01]} 6. f3 {[%emt
0:00:01]} a6 {[%emt 0:00:03]} 7. Be3 {[%emt 0:00:01]} e6 {[%emt 0:00:02]} 8.
Qd2 {[%emt 0:00:02]} Be7 {[%emt 0:00:01]} 9. O-O-O {[%emt 0:00:01]} Bd7 {[%emt
0:00:02]} 10. g4 {[%emt 0:00:02]} Nxd4 {[%emt 0:00:03]} 11. Bxd4 {[%emt 0:00:
01]} e5 {[%emt 0:00:01]} 12. Be3 {[%emt 0:00:01]} Qa5 {[%emt 0:00:09]} 13. g5 {
[%emt 0:00:05]} Nh5 {[%emt 0:00:05]} 14. Kb1 {[%emt 0:00:02]} Rc8 {[%emt 0:00:
04]} 15. h4 {[%emt 0:00:06]} g6 {[%emt 0:00:04]} 16. Qf2 {[%emt 0:00:22]} O-O {
[%emt 0:00:17]} 17. Nd5 {[%emt 0:00:08]} Rfe8 {[%emt 0:00:24]} 18. Rc1 {[%emt
0:00:11]} Be6 {[%emt 0:00:04]} 19. c4 {[%emt 0:00:11]} Bxd5 {[%emt 0:00:02]}
20. cxd5 {[%emt 0:00:03]} f6 {[%emt 0:00:21]} 21. Bh3 {[%emt 0:00:03]} Rxc1+ {
[%emt 0:00:14]} 22. Rxc1 {[%emt 0:00:04]} Nf4 {[%emt 0:00:07]} 23. Bxf4 {[%emt
0:00:09]} exf4 {[%emt 0:00:03]} 24. Be6+ {[%emt 0:00:02]} Kg7 {[%emt 0:00:04]}
25. Qd4 {[%emt 0:00:26]} b5 {[%emt 0:00:23]} 26. h5 {[%emt 0:00:11]} Rf8 {
[%emt 0:00:17]} 27. Rg1 {[%emt 0:00:03]} Qa4 {[%emt 0:00:27]} 28. Qa7 {[%emt 0:
00:08]} Re8 {[%emt 0:00:14]} 29. h6+ {[%emt 0:00:04]} Kf8 {[%emt 0:00:09]} 30.
gxf6 {[%emt 0:00:03]} Qc4 {[%emt 0:00:10]} 31. fxe7+ {[%emt 0:00:04]} Rxe7 {
[%emt 0:00:02]} 32. Qb8+ {[%emt 0:00:03]} Re8 {[%emt 0:00:01]} 33. Qxd6+ {
[%emt 0:00:02]} Re7 {[%emt 0:00:01]} 34. Qd8+ {[%emt 0:00:08]} Re8 {[%emt 0:00:
01]} 35. Qf6# {[%emt 0:00:01]} 1-0

[Event "Benidorm Satellite preliminary"]
[Site "playchess.com #007036"]
[Date "2009.10.24"]
[Round "13"]
[White "CubaChessPraxis"]
[Black "Palmolive"]
[Result "1-0"]
[WhiteElo "2194"]
[BlackElo "2361"]
[PlyCount "63"]
[EventDate "2009.10.24"]
[EventType "swiss (blitz)"]

1. d4 {[%emt 0:00:03]} Nf6 {[%emt 0:00:02]} 2. c4 {[%emt 0:00:01]} g6 {[%emt 0:
00:02]} 3. Nf3 {[%emt 0:00:02]} Bg7 {[%emt 0:00:01]} 4. g3 {[%emt 0:00:03]} O-O
{[%emt 0:00:02]} 5. Bg2 {[%emt 0:00:01]} c6 {[%emt 0:00:01]} 6. O-O {[%emt 0:
00:02]} d5 {[%emt 0:00:01]} 7. Nbd2 {[%emt 0:00:03]} Ne4 {[%emt 0:00:16]} 8.
Nxe4 {[%emt 0:00:13]} dxe4 {[%emt 0:00:01]} 9. Ng5 {[%emt 0:00:08]} Qxd4 {
[%emt 0:00:08]} 10. Qxd4 {[%emt 0:00:03]} Bxd4 {[%emt 0:00:01]} 11. Nxe4 {
[%emt 0:00:01]} Nd7 {[%emt 0:00:03]} 12. Rb1 {[%emt 0:00:03]} Bg7 {[%emt 0:00:
15]} 13. b3 {[%emt 0:00:02]} a5 {[%emt 0:00:01]} 14. Ba3 {[%emt 0:00:02]} Re8 {
[%emt 0:00:02]} 15. Rfd1 {[%emt 0:00:03]} a4 {[%emt 0:00:02]} 16. Bb4 {[%emt 0:
00:29]} axb3 {[%emt 0:00:02]} 17. axb3 {[%emt 0:00:01]} Ra2 {[%emt 0:00:03]}
18. Kf1 {[%emt 0:00:03]} h6 {[%emt 0:00:34]} 19. Nc3 {[%emt 0:00:17]} Ra8 {
[%emt 0:00:03]} 20. Na4 {[%emt 0:00:12]} Bf6 {[%emt 0:00:20]} 21. Rd2 {[%emt 0:
00:03]} Rb8 {[%emt 0:00:12]} 22. Rbd1 {[%emt 0:00:03]} Nf8 {[%emt 0:00:02]} 23.
Nb6 {[%emt 0:00:06]} Bf5 {[%emt 0:00:01]} 24. e4 {[%emt 0:00:10]} Be6 {[%emt 0:
00:02]} 25. h3 {[%emt 0:00:07]} Kg7 {[%emt 0:00:03]} 26. f4 {[%emt 0:00:02]}
Kh7 {[%emt 0:00:17]} 27. g4 {[%emt 0:00:14]} g5 {[%emt 0:00:22]} 28. f5 {[%emt
0:00:02]} Bc8 {[%emt 0:00:01]} 29. Rd8 {[%emt 0:00:02]} Bxf5 {[%emt 0:00:39]}
30. Rxb8 {[%emt 0:00:07]} Rxb8 {[%emt 0:00:02]} 31. exf5 {[%emt 0:00:02]} Kg7 {
[%emt 0:00:00]} 32. Bf3 {[%emt 0:00:21] Palmolive resigns} 1-0

[Event "Benidorm Satellite preliminary"]
[Site "playchess.com #007036"]
[Date "2009.10.24"]
[Round "13"]
[White "Kshorg"]
[Black "Shakked"]
[Result "1-0"]
[WhiteElo "1656"]
[BlackElo "1410"]
[PlyCount "97"]
[EventDate "2009.10.24"]
[EventType "swiss (blitz)"]

1. g3 {[%emt 0:00:02]} c5 {[%emt 0:00:01]} 2. Bg2 {[%emt 0:00:01]} d5 {[%emt 0:
00:01]} 3. d3 {[%emt 0:00:01]} Nf6 {[%emt 0:00:01]} 4. Nd2 {[%emt 0:00:01]} e5
{[%emt 0:00:01]} 5. b3 {[%emt 0:00:01]} Nc6 {[%emt 0:00:02]} 6. Bb2 {[%emt 0:
00:00]} Be7 {[%emt 0:00:05]} 7. e3 {[%emt 0:00:01]} O-O {[%emt 0:00:01]} 8. Ne2
{[%emt 0:00:00]} Be6 {[%emt 0:00:01]} 9. h3 {[%emt 0:00:01]} Rc8 {[%emt 0:00:
02]} 10. O-O {[%emt 0:00:02]} d4 {[%emt 0:00:01]} 11. e4 {[%emt 0:00:08]} b5 {
[%emt 0:00:03]} 12. f4 {[%emt 0:00:03]} Nd7 {[%emt 0:00:05]} 13. f5 {[%emt 0:
00:02]} Bxf5 {[%emt 0:00:05]} 14. Rxf5 {[%emt 0:00:04]} f6 {[%emt 0:00:00]} 15.
g4 {[%emt 0:00:06]} g5 {[%emt 0:00:08]} 16. Ng3 {[%emt 0:00:02]} Bd6 {[%emt 0:
00:06]} 17. Qe2 {[%emt 0:00:04]} Ne7 {[%emt 0:00:01]} 18. Rf2 {[%emt 0:00:04]}
Ng6 {[%emt 0:00:01]} 19. Nf5 {[%emt 0:00:15]} Bb8 {[%emt 0:00:12]} 20. Qf3 {
[%emt 0:00:13]} Rf7 {[%emt 0:00:06]} 21. Nf1 {[%emt 0:00:07]} Ndf8 {[%emt 0:00:
02]} 22. N1g3 {[%emt 0:00:03]} Ne6 {[%emt 0:00:08]} 23. Nh6+ {[%emt 0:00:04]}
Kg7 {[%emt 0:00:04]} 24. Nh5+ {[%emt 0:00:07]} Kf8 {[%emt 0:00:03]} 25. Nxf7 {
[%emt 0:00:06]} Kxf7 {[%emt 0:00:02]} 26. Qxf6+ {[%emt 0:00:02]} Qxf6 {[%emt 0:
00:02]} 27. Rxf6+ {[%emt 0:00:01]} Ke7 {[%emt 0:00:01]} 28. Raf1 {[%emt 0:00:
04]} Ngf4 {[%emt 0:00:01]} 29. Rh6 {[%emt 0:00:07]} Nxh5 {[%emt 0:00:13]} 30.
Rxh5 {[%emt 0:00:06]} Nf4 {[%emt 0:00:02]} 31. Rxh7+ {[%emt 0:00:03]} Kf6 {
[%emt 0:00:03]} 32. h4 {[%emt 0:00:04]} Kg6 {[%emt 0:00:08]} 33. Rxf4 {[%emt 0:
00:09]} exf4 {[%emt 0:00:15]} 34. Rh5 {[%emt 0:00:05]} gxh4 {[%emt 0:00:07]}
35. e5 {[%emt 0:00:01]} Re8 {[%emt 0:00:10]} 36. Be4+ {[%emt 0:00:02]} Kg7 {
[%emt 0:00:03]} 37. Rh7+ {[%emt 0:00:02]} Kg8 {[%emt 0:00:01]} 38. e6 {[%emt 0:
00:05]} f3 {[%emt 0:00:08]} 39. Rxh4 {[%emt 0:00:03]} Bg3 {[%emt 0:00:09]} 40.
Rh3 {[%emt 0:00:06]} f2+ {[%emt 0:00:08]} 41. Kf1 {[%emt 0:00:02]} Bf4 {[%emt
0:00:04]} 42. Rf3 {[%emt 0:00:08]} Be3 {[%emt 0:00:03]} 43. Bd5 {[%emt 0:00:08]
} Kg7 {[%emt 0:00:14]} 44. Rxe3 {[%emt 0:00:06]} Re7 {[%emt 0:00:07]} 45. Rf3 {
[%emt 0:00:03]} Rxe6 {[%emt 0:00:05]} 46. Bxe6 {[%emt 0:00:02]} c4 {[%emt 0:00:
00]} 47. Bxd4+ {[%emt 0:00:02]} Kh7 {[%emt 0:00:05]} 48. Bf7 {[%emt 0:00:06]}
c3 {[%emt 0:00:00]} 49. Rh3# {[%emt 0:00:02]} 1-0

[Event "Benidorm Satellite preliminary"]
[Site "playchess.com #007036"]
[Date "2009.10.24"]
[Round "13"]
[White "Musterlukas"]
[Black "SteinerKarl"]
[Result "1/2-1/2"]
[WhiteElo "1832"]
[BlackElo "1676"]
[PlyCount "100"]
[EventDate "2009.10.24"]
[EventType "swiss (blitz)"]

1. d4 {[%emt 0:00:01]} Nf6 {[%emt 0:00:03]} 2. Nf3 {[%emt 0:00:01]} g6 {[%emt
0:00:01]} 3. c4 {[%emt 0:00:00]} Bg7 {[%emt 0:00:01]} 4. Nc3 {[%emt 0:00:00]}
O-O {[%emt 0:00:02]} 5. e4 {[%emt 0:00:02]} d6 {[%emt 0:00:01]} 6. Be2 {[%emt
0:00:01]} Na6 {[%emt 0:00:02]} 7. O-O {[%emt 0:00:01]} c5 {[%emt 0:00:01]} 8.
d5 {[%emt 0:00:01]} Nc7 {[%emt 0:00:04]} 9. Ne1 {[%emt 0:00:06]} e5 {[%emt 0:
00:10]} 10. Nd3 {[%emt 0:00:06]} a6 {[%emt 0:00:11]} 11. a4 {[%emt 0:00:02]}
Nd7 {[%emt 0:00:14]} 12. b4 {[%emt 0:00:03]} b6 {[%emt 0:00:05]} 13. bxc5 {
[%emt 0:00:04]} Nxc5 {[%emt 0:00:08]} 14. Nxc5 {[%emt 0:00:02]} bxc5 {[%emt 0:
00:02]} 15. Rb1 {[%emt 0:00:02]} f5 {[%emt 0:00:04]} 16. f3 {[%emt 0:00:07]}
Bd7 {[%emt 0:00:09]} 17. a5 {[%emt 0:00:02]} Rb8 {[%emt 0:00:12]} 18. Bd2 {
[%emt 0:00:05]} Rxb1 {[%emt 0:00:13]} 19. Qxb1 {[%emt 0:00:02]} Qb8 {[%emt 0:
00:02]} 20. Qb6 {[%emt 0:00:03]} Qxb6 {[%emt 0:00:43]} 21. axb6 {[%emt 0:00:02]
} Na8 {[%emt 0:00:04]} 22. Rb1 {[%emt 0:00:02]} Rb8 {[%emt 0:00:09]} 23. b7 {
[%emt 0:00:05]} Nc7 {[%emt 0:00:04]} 24. Bd1 {[%emt 0:00:03]} Bf6 {[%emt 0:00:
14]} 25. Na4 {[%emt 0:00:07]} Bxa4 {[%emt 0:00:05]} 26. Bxa4 {[%emt 0:00:03]}
Bd8 {[%emt 0:00:08]} 27. Bc6 {[%emt 0:00:05]} Kf8 {[%emt 0:00:10]} 28. Ra1 {
[%emt 0:00:05]} f4 {[%emt 0:00:03]} 29. Ba5 {[%emt 0:00:03]} Ke7 {[%emt 0:00:
03]} 30. Bxc7 {[%emt 0:00:03]} Bxc7 {[%emt 0:00:03]} 31. Rxa6 {[%emt 0:00:01]}
Kd8 {[%emt 0:00:15]} 32. Ra8 {[%emt 0:00:04]} h6 {[%emt 0:00:04]} 33. g3 {
[%emt 0:00:02]} g5 {[%emt 0:00:04]} 34. Kg2 {[%emt 0:00:02]} Ke7 {[%emt 0:00:
05]} 35. Kh3 {[%emt 0:00:01]} h5 {[%emt 0:00:03]} 36. gxf4 {[%emt 0:00:01]}
exf4 {[%emt 0:00:03]} 37. Kg2 {[%emt 0:00:02]} g4 {[%emt 0:00:02]} 38. fxg4 {
[%emt 0:00:03]} hxg4 {[%emt 0:00:01]} 39. h3 {[%emt 0:00:02]} gxh3+ {[%emt 0:
00:03]} 40. Kxh3 {[%emt 0:00:01]} Kf6 {[%emt 0:00:01]} 41. Kg4 {[%emt 0:00:01]}
Ke5 {[%emt 0:00:01]} 42. Kf3 {[%emt 0:00:03]} Kd4 {[%emt 0:00:05]} 43. Rxb8 {
[%emt 0:00:04]} Bxb8 {[%emt 0:00:02]} 44. Bb5 {[%emt 0:00:01]} Ke5 {[%emt 0:00:
02]} 45. Ba6 {[%emt 0:00:01]} Bc7 {[%emt 0:00:02]} 46. Bb5 {[%emt 0:00:04]} Bb8
{[%emt 0:00:01]} 47. Bd7 {[%emt 0:00:02]} Bc7 {[%emt 0:00:02]} 48. Bf5 {[%emt
0:00:05]} Bb8 {[%emt 0:00:02]} 49. Bd7 {[%emt 0:00:09]} Bc7 {[%emt 0:00:02]}
50. Bb5 {[%emt 0:00:01]} Bb8 {[%emt 0:00:01]} 1/2-1/2